| 000 | 00961nam a2200289 i 4500 | ||
|---|---|---|---|
| 001 | bg | ||
| 100 | 1 | _aJankowski, Stanisław. | |
| 245 | 1 | 0 |
_aSurowce mączne i kaszowe : _bziarno zbóż, gryki i grochu / _cStanisław Jankowski. |
| 260 |
_aWarszawa : _bWydawnictwa Naukowo-Techniczne, _c1988. |
||
| 300 |
_a159, [1] s. : _bil. ; _c24 cm. |
||
| 490 | 1 | _aPodręczniki Akademickie. Przemysł Spożywczy | |
| 504 | _aBibliogr. s. 149-154. Indeks. | ||
| 650 | 9 |
_aGroch zwyczajny _xnasiona i nasiennictwo |
|
| 650 | 9 |
_aGryka _xnasiona i nasiennictwo |
|
| 650 | 9 |
_aZboże _xnasiona i nasiennictwo |
|
| 650 | 9 |
_aNasiona _xbiologia |
|
| 655 | _aPodręczniki akademickie | ||
| 830 | 0 |
_aPodręczniki Akademickie. _pPrzemysł Spożywczy |
|
| 020 | _a8320409812 | ||
| 040 | _cBPK | ||
| 041 | 0 | _apol | |
| 044 | _aPOL | ||
| 080 | _a664.6/.7:633.1+635.6:582.6/.9](075.8) | ||
| 920 | _a83-204-0981-2 | ||
| 942 | _cKS | ||
| 008 | 100823s1988 pl a |000 0 pol | ||
| 999 |
_c50804 _d50804 |
||
| 856 |
_uhttp://koha.tu.koszalin.pl/cgi-bin/koha/opac-detail.pl?biblionumber=50804 _yKatalog online BPK |
||